|
|
|
|
| LEADER |
00000nam0a2200000 4500 |
| 001 |
113958 |
| 005 |
20231101215148.0 |
| 010 |
|
|
|a 5238003498
|
| 035 |
|
|
|a (RuTPU)RU\TPU\book\123230
|
| 090 |
|
|
|a 113958
|
| 100 |
|
|
|a 20070418d2002 m y0rusy50 ca
|
| 101 |
0 |
|
|a rus
|
| 102 |
|
|
|a RU
|
| 105 |
|
|
|a y j 001zy
|
| 200 |
1 |
|
|a Теория культуры
|e учебное пособие
|f А. И. Шендрик
|
| 210 |
|
|
|a Москва
|c ЮНИТИ
|d 2002
|
| 215 |
|
|
|a 519 с.
|
| 320 |
|
|
|a Библиогр. в конце гл.
|
| 330 |
|
|
|a В соответствии с Государственным образовательным стандартом курс «Теория культуры» читается для студентов, получающих профессиональную подготовку по специальности «Культурология». В пособии дается анализ культурологических концепций, содержащихся в работах крупнейших представителей западной и отечественной философской, этической, эстетической, исторической и социологической мысли с античности до конца XX века. Для студентов вузов, обучающихся на философских, исторических, социологических и культурологических, факультетах, аспирантов, учителей старших классов общеобразовательных школ. Может быть полезна всем, кто интересуется историей становления и развития культурологических идей, кто стремится расширить и углубить свои познания в области гуманитарных наук.
|
| 606 |
1 |
|
|a Культура
|x Теория
|2 stltpush
|3 (RuTPU)RU\TPU\subj\16745
|9 42679
|
| 610 |
1 |
|
|a учебные пособия
|
| 610 |
1 |
|
|a античность
|
| 610 |
1 |
|
|a средневековье
|
| 610 |
1 |
|
|a Возрождение
|
| 610 |
1 |
|
|a Просвещение
|
| 610 |
1 |
|
|a 18 век
|
| 610 |
1 |
|
|a 19 век
|
| 610 |
1 |
|
|a 20 век
|
| 610 |
1 |
|
|a западная культура
|
| 610 |
1 |
|
|a отечественные мыслители
|
| 610 |
1 |
|
|a советский период
|
| 610 |
1 |
|
|a постсоветский период
|
| 686 |
|
|
|a Ч111я73
|v LBC/SL-A
|2 rubbk
|
| 700 |
|
1 |
|a Шендрик
|b А. И.
|g Анатолий Иванович
|
| 801 |
|
1 |
|a RU
|b 63413507
|c 20070418
|g PSBO
|
| 801 |
|
2 |
|a RU
|b 63413507
|c 20130314
|g PSBO
|
| 900 |
|
|
|a Культурология
|
| 942 |
|
|
|c BK
|
| 952 |
|
|
|a 540000
|
| 959 |
|
|
|a 29/20070323
|d 1
|e 120,00
|f ЧЗГЛ:1
|